Normal view
MARC view
- Scottish Executive
Entry Corporate Name
001 - CONTROL NUMBER
- control field: 5362
003 - CONTROL NUMBER IDENTIFIER
- control field: OSt
005 - DATE AND TIME OF LATEST TRANSACTION
- control field: 20190806150242.0
008 - FIXED-LENGTH DATA ELEMENTS
- fixed length control field: 071002n| acannaabn |n ana d
040 ## - CATALOGING SOURCE
- Original cataloging agency: OSt
- Transcribing agency: OSt
110 2# - HEADING--CORPORATE NAME
- Corporate name or jurisdiction name as entry element: Scottish Executive
- Subordinate unit: Geographic Information Service
670 ## - SOURCE DATA FOUND
- Source citation: Impact of flooding in Scotland, 2007